01075nam a2200277 a 4500008004100000020003200041040002500073041001300098044001100111080002300122080000700145080001700152080001700169080000700186080001200193080001700205245026900222250001300491260007200504300003400576490002600610500007300636700002800709700002800737700003200765951211s1981||||[C 0 slo c c95 Kčs. q(20000 výtl.) aSNKbslocSNKeAACR21 aslohslo axocSK a82:03:820/89 (100) a03 a820/89 (100) a820/89 (100) a03 a82(091) a820/89 (100)10aMalá encyklopédia spisovateľov svetabVýznamní prozaici, básnici a dramatici celého sveta, nositelia literárnych cien, priekopníci nových smerov, odkaz starovekého orientu a antiky ; Ján Juríček, Tibor Hrabovský, František Šubín a2., vyd. aBratislavabObzorc1981eKošicefVýchodoslovenské tlačiarne a644 s., 81,49 AHbFot.c24 cm0 aMalé encyklopédie aSkr. Výslovnosť. Chronolog. prehľad národných literatúr.1 aJuríček, Ján4com1 aHrabovský, Tibor4bkd1 aŠubín, František4bkd